The Comprehension Toolkit-Language and Lessons for Active Literacy. (Record no. 25712)

MARC details
000 -LEADER
fixed length control field 00577nam a22001817a 4500
003 - CONTROL NUMBER IDENTIFIER
control field OSt
005 - DATE AND TIME OF LATEST TRANSACTION
control field 20260701103302.0
008 - FIXED-LENGTH DATA ELEMENTS--GENERAL INFORMATION
fixed length control field 260701b |||||||| |||| 00| 0 eng d
020 ## - INTERNATIONAL STANDARD BOOK NUMBER
International Standard Book Number 0 325 00583 4
040 ## - CATALOGING SOURCE
Transcribing agency Chuka University.
100 ## - MAIN ENTRY--PERSONAL NAME
Personal name Harvey Stephanie & Anne Goudvis.
9 (RLIN) 32165
245 ## - TITLE STATEMENT
Title The Comprehension Toolkit-Language and Lessons for Active Literacy.
Remainder of title Teacher's Guide.
260 ## - PUBLICATION, DISTRIBUTION, ETC.
Place of publication, distribution, etc. Portsmouth.
Name of publisher, distributor, etc. Firsthand Heinemann.
Date of publication, distribution, etc. 2005
300 ## - PHYSICAL DESCRIPTION
Extent 44p.
Other physical details Illustrated.
650 ## - SUBJECT ADDED ENTRY--TOPICAL TERM
Topical term or geographic name entry element Reading Comprehension.
9 (RLIN) 27306
650 ## - SUBJECT ADDED ENTRY--TOPICAL TERM
Topical term or geographic name entry element Reading (Elementary).
942 ## - ADDED ENTRY ELEMENTS (KOHA)
Source of classification or shelving scheme Library of Congress Classification
Koha item type Long Loan Books
Suppress in OPAC No
Holdings
Withdrawn status Lost status Source of classification or shelving scheme Damaged status Not for loan Collection Home library Current library Shelving location Date acquired Cost, normal purchase price Total Checkouts Full call number Barcode Date last seen Copy number Price effective from Koha item type
    Library of Congress Classification     General Collection Books Main Campus Library Main Campus Library General Stacks 01/07/2026 5987.43   LB 1050.45 .H37 2005 35783/2026 01/07/2026 C.2 01/07/2026 Long Loan Books

Powered by Koha